| 000 | 00349nam a22001457a 4500 | ||
|---|---|---|---|
| 003 | OSt | ||
| 020 | _a9788197818400 | ||
| 100 | _aSAINI, Saini | ||
| 245 | _aAdvanced Frontier in AI and Technology | ||
| 260 |
_aNew Delhi, _bNaples India: _c2024. |
||
| 300 | _a294p. | ||
| 650 | _aFaculty Publication | ||
| 700 | _aAshish Grover | ||
| 942 |
_2ddc _cBK |
||
| 999 |
_c13154 _d13154 |
||